000 00468nam a2200181Ia 4500
003 GCL
008 140319s9999 xx 000 0 eng d
020 _a9748303373
040 _aGCL /
_cGCL
082 0 4 _a615.822
_bM T
100 1 _aMERCATI, MARIA
245 1 0 _aTHAI MASSAGE MANUAL /
_cMERCATI, MARIA
260 _aتايلانــد :
_bASIA BOOKS ،
_c1998
300 _a32 CM ؛
_c144 P
650 0 4 _aMASSAGE
650 0 4 _aMASSAGE - THAILAND
942 _2ddc
_cBK
999 _c5899
_d5899